Salammbo (Record no. 210562)

MARC details
000 -LEADER
fixed length control field 00283nam a2200133Ia 4500
008 - FIXED-LENGTH DATA ELEMENTS--GENERAL INFORMATION
fixed length control field 230917s9999||||xx |||||||||||||| ||und||
040 ## - CATALOGING SOURCE
-- 182737
Original cataloging agency VIVEKANANDA LIBRARY
041 ## - Language
-- English
082 ## - DDC NUMBER
Classification number 843.7 P617S
100 ## - MAIN ENTRY--PERSONAL NAME
Personal name Floubert
245 #0 - TITLE STATEMENT
Title Salammbo
300 ## - PHYSICAL DESCRIPTION
Pages 282 p.
942 ## - ADDED ENTRY ELEMENTS (KOHA)
Koha item type Books
Holdings
Withdrawn status Lost status Damaged status Not for loan Location (home branch) Sublocation or collection (holding branch) Date acquired Koha issues (times borrowed) Koha full call number Accession No. Koha date last seen Koha item type
        VIVEKANANDA LIBRARY VIVEKANANDA LIBRARY 18/04/2011   843.7 P617S 73176 17/09/2023 Books
© Designed and Maintained by Vivekananda Library, MDU Rohtak